| 000 | 01211cam a22003617a 4500 | ||
|---|---|---|---|
| 003 | CHAP | ||
| 005 | 20220817041333.0 | ||
| 008 | 971013s1987 r 00010 d | ||
| 010 | _a11598 | ||
| 011 | _a12570 | ||
| 035 | _a15756 | ||
| 040 | _cCHAP | ||
| 090 | _aFolleto 11147 | ||
| 110 |
_aMéxico. Leyes, decretos, etc. _977071 |
||
| 245 | 0 | _aDecreto que establece los estimulos fiscales para el fomento del subsector agrícola | |
| 260 |
_aMéxico, D.F. : _bFideicomisos Instituidos en Relación con la Agricultura, _c1987 |
||
| 300 | _app. 2-14 | ||
| 410 | _aFIRA | ||
| 490 | 0 |
_aBoletin informativo _v; XIX (190) |
|
| 501 | _aEnc. con otro impreso similar | ||
| 590 |
_aBATCH-UPD _b10 _c20130110 _lUCH01 _h1314 |
||
| 590 |
_aBATCH-UPD _b10 _c20130410 _lUCH01 _h0826 |
||
| 590 |
_aBATCH-UPD _b10 _c20130914 _lUCH01 _h0318 |
||
| 590 |
_aCONVERSION _b10 _c20130109 _lUCH01 _h1308 |
||
| 650 | 1 | 4 |
_aAgricultura _xImpuestos _xMexico. _91550 |
| 650 | 1 | 4 |
_aAgricultura _xLeyes _xMéxico. _91726 |
| 650 | 1 | 4 |
_aCultivos _xRendimiento. _930318 |
| 810 |
_aFIRA _941029 |
||
| 830 | 0 |
_aBoletin informativo _v; XIX (190) |
|
| 901 | _aBK | ||
| 942 | _cFOLL | ||
| 949 |
_aFolleto 11147 _bBC _cFOLL _d-27965 _eTS1 _i15756 _mD _si |
||
| 999 |
_c11598 _d11598 |
||